000 01540nam0a2200313 i 4500
001 RU\NLR\BIBL_A\010588235
005 20241102173540.0
021 _aRU
_b14-86800
035 _a(NILC)RuMoRGB-007825225
035 _a(NLR Aleph) 010588235
090 _a10491769
_c10491769
100 _a20150120d2011 k y0rusy50 ca
101 0 _arus
102 _aRU
105 _aa|||7|||001yy
200 1 _aКлассификация резервов качества продукции
_fС.А. Коновалов, К.В. Темиров
_gФедер. агентство по техн. регулированию и метрологии, Федер. гос. унитар. предприятие "Рос. науч.-техн. центр информ. по стандартизации, метрологии и оценке соответствия"
210 _aМосква
_cМосковский печатник
_d2011
215 _a21 с.
_cил.
_d21
320 _aБиблиогр.: с. 20-21 (12 назв.)
606 _aПромышленная продукция
_xЭкономический цикл жизни
_91536276
_3RU\NLR\AUTH\66669493
610 0 _aрезервы качества продукции
686 1 _aУ30(2)-82ф
700 1 _aКоновалов
_bС. А.
_gСергей Александрович
701 1 _aТемиров
_bК. В.
_gКарэн Владимирович
801 0 _aRU
_bРГБ
_c20141119
_gRCR
942 _cBOOK
980 _aNBR